| 000 | 01671nam a22002297a 4500 | ||
|---|---|---|---|
| 005 | 20240814173952.0 | ||
| 008 | s1994 eng d | ||
| 020 | _a0820420328 | ||
| 040 | _aNALT | ||
| 041 | _aeng | ||
| 100 | 0 | _aNeeley, G. Steven | |
| 245 | 1 | 0 | _aThe constitutional right to suicide : a legal and philosophical examination |
| 260 | 3 |
_aNew York : _bPeter Lang, _c1994 |
|
| 300 |
_a229 p. ; _b 23 cm. |
||
| 505 | 0 | _aChapters -- 1 Why Do We Need a Constitutional Right to Suicide?. -- 2 Historical Antecedents. -- The Historical Perspective. -- Suicide at the Common Law. Point of Contention. -- 3 The Constitutional Right to Suicide. -- Fundamental Rights. -- Privacy, Liberty and Suicide. -- 4 The Reaction of the Lower Courts and the Position of Constitutional Scholarship Constitutional Scholarship. -- Status of the Constitutional Right to Suicide. -- 5 The Scope of the Constitutional Right to Suicide -- Standards of Judicial Review. -- Vagueness, Overbreadth and the "Less Drastic Means" Test. -- The Reach of the Fundamental Human Right to Suicide. -- Wedge Arguments. -- Euthanasia in the Netherlands: Testing the "Slippery Slope". -- The Bottom Line: Some Practical Considerations. -- 6 The Question of Mental Competence. -- Suicide and the Presumption of Insanity. Legal Competence. -- Reasonable Decisions to Die. -- Concluding Remarks. -- Bibliography. -- Table of Cases -- Index. | |
| 650 | 0 | 4 | _aRight to die -- Law and legislation |
| 650 | 0 | 4 | _aRight to die -- Law and legislation -- United States |
| 850 | _aNALT | ||
| 942 |
_cLB _2lcc |
||
| 999 |
_c20326 _d20326 |
||
| 998 |
_j25 _k นีลวัสน์ อินทรักษา |
||
| 090 | _aKD35.7 N43C 1994 | ||